Values-based management : The way forward for the next millennium

Bibliographic Details
Corporate Author: Percetakan Yayasan Islam Terengganu
Other Authors: Nik Mustapha Hj. Nik Hassan
Format: Book
Published: Kuala Lumpur : Institut Of Islamic Understanding Malaysia , 1998
Subjects:

MARC

LEADER 00000cam a2200000 7i4500
001 0000016057
005 20080421.0
008 210408
020 |a 9839099493 
090 0 0 |a 658.4092   |b VAL 
245 1 0 |a Values-based management :   |b The way forward for the next millennium   |c Edited by Nik Mustapha Hj. Nik Hassan 
260 |a Kuala Lumpur :   |b Institut Of Islamic Understanding Malaysia ,   |c 1998 
650 0 |a Business Ethics 
650 0 |a Management   |x Moral and ethical aspects 
700 1 |a Nik Mustapha Hj. Nik Hassan 
710 1 |a Percetakan Yayasan Islam Terengganu 
999 |a 0001014206   |b Book   |c Adult Collection   |e Perbadanan Perpustakaan Awam Johor